000 00515nam a2200181Ia 4500
008 240925s9999 xx 000 0 und d
020 _a8177581775
082 _a005.758 OZS
100 _aOzsu , M. Tamer
245 0 _aPrinciples of Distributed Database Systems
250 _a2nd
260 _aNew Delhi:
_bPearson Education
_c,2006.
300 _axviii,988p.
_bNA
_fOriginal
500 _aIncludes Index
600 _aComputer Science
650 _aComputer science, information & general works
942 _cBK
999 _c12413
_d12413